Statistics for Biggest Trading Partners - Qatar

Click here to take the quiz!

General Stats

  • This quiz has been taken 57 times
  • The average score is 29 of 32

Answer Stats

Exports Country % Correct
0.68 bil | 4.61 bilUnited States
100%
1.32 bil | 1.88 bilUnited Kingdom
100%
1.38 bilSaudi Arabia
98%
10.9 bil | 2.14 bilJapan
96%
1.2 bil | 7.38 bilIndia
96%
2.97 bilGermany
96%
0.57 bilKuwait
96%
1.03 bilFrance
94%
0.42 bilSpain
94%
2.91 bil | 3.76 bilUnited Arab Emirates
94%
3.32 bil | 4.49 bilChina
94%
0.68 bil | 8.97 bilSouth Korea
92%
0.54 bilTurkey
92%
1.11 bilEgypt
91%
1.1 bil | 1.29 bilItaly
89%
0.52 bilAustralia
89%
1.85 bilTaiwan
83%
3 bilSingapore
83%
0.7 bilPakistan
81%
0.43 bil | 2.19 bilThailand
77%
0.67 bilMalaysia
74%
0.85 bilBelgium
62%
0.86 bilSwitzerland
60%

Score Distribution

Percentile by Number Answered

Percent of People with Each Score

Your Score History

You have not taken this quiz